2022 Washington Nationals Leaders - Statistics

General Stats
  • This quiz has been taken 8 times
  • The average score is 12 of 55
Answer Stats
Statistic Player % Correct
Youngest - 21 CJ Abrams
100%
Oldest - 41 Nelson Cruz
71%
L - 19 Patrick Corbin
57%
W - 7 Josiah Gray
43%
HR (Pitching) - 38 Josiah Gray
43%
SO (Pitching) - 154 Josiah Gray
43%
GS - 31 Patrick Corbin
43%
IP - 152.2 Patrick Corbin
43%
CG - 1 Corbin/Espino
29%
CS - 4 Garcia/Hernandez/Robles/Thomas
29%
BA - .301 Josh Bell
29%
SLG - .493 Josh Bell
29%
BB (Pitching) - 66 Josiah Gray
29%
HR (Batting) - 21 Juan Soto
29%
OBP - .408 Juan Soto
29%
OPS - .894 Juan Soto
29%
OPS+ - 159 Juan Soto
29%
SO (Batting) - 132 Lane Thomas
29%
TB - 201 Lane Thomas
29%
H (Pitching) - 210 Patrick Corbin
29%
R (Pitching) - 119 Patrick Corbin
29%
ER - 107 Patrick Corbin
29%
SV - 12 Tanner Rainey
29%
SB - 15 Victor Robles
29%
HR9 - 1.1 Adon/Machado/Ramirez
14%
IBB (Batting) - 4 Bell/Soto
14%
ERA - 2.76 Carl Edwards Jr.
14%
ERA+ - 142 Carl Edwards Jr.
14%
G (Batting) - 147 Cesar Hernandez
14%
PA - 617 Cesar Hernandez
14%
AB - 560 Cesar Hernandez
14%
R (Batting) - 64 Cesar Hernandez
14%
H (Batting) - 139 Cesar Hernandez
14%
2B - 28 Cesar Hernandez
14%
3B - 4 Cesar Hernandez
14%
IBB (Pitching) - 2 Finnegan/Sanchez
14%
BK - 1 Finnegan/Weems
14%
BB (Batting) - 91 Juan Soto
14%
GF - 24 Kyle Finnegan
14%
FIP - 3.76 Kyle Finnegan
14%
RBI - 64 Nelson Cruz
14%
G (Pitching) - 69 Steve Cishek
14%
HBP (Batting) - 9 Victor Robles
14%
WP - 7 Adon/Gray
0%
W-L% - 1.000 Andres Machado
0%
H9 - 7.1 Anibal Sanchez
0%
WHIP - 1.077 Erasmo Ramirez
0%
BB9 - 1.5 Erasmo Ramirez
0%
SO/W - 4.36 Erasmo Ramirez
0%
GDP - 19 Josh Bell
0%
SF - 6 Josh Bell
0%
BF - 713 Patrick Corbin
0%
HBP (Pitching) - 13 Steve Cishek
0%
SO9 - 10.0 Steve Cishek
0%
SH - 11 Victor Robles
0%
No matching quizzes found
Score Distribution
Percent of People with Each Score
Percentile by Number Answered
Your Score History
You have not taken this quiz